000 00636cam a2200229 4500500
005 20260329004940.0
041 _afre
042 _adc
100 1 0 _aNathan, Tobie
_eauthor
245 0 0 _aPerles pour homme. Gouttelettes de vie
260 _c2021.
500 _a95
690 _aCoquillage
690 _aHomme
690 _aIdentité
690 _aMode
690 _aSexe
690 _aSperme
690 _aTobie Nathan
786 0 _nPhilosophie magazine | 154 | 11 | 2021-11-01 | p. 16-16 | 1951-1787
856 4 1 _uhttps://shs.cairn.info/magazine-philosophie-magazine-2021-11-page-16?lang=fr&redirect-ssocas=7080
999 _c1838846
_d1838846